[Event "Biel HTO 53rd"]
[Site "Biel"]
[Date "2020.07.27"]
[Round "7"]
[White "Adrian, Leopold"]
[Black "Battistella, Valentin"]
[Result "1-0"]
[WhiteElo "2061"]
[BlackElo "1861"]
[PlyCount "59"]
[EventDate "2020.07.20"]
[EventType "swiss"]
[EventRounds "9"]
[EventCountry "SUI"]
[SourceTitle "CBM 197"]
[Source "ChessBase"]
[SourceDate "2020.08.31"]
[SourceVersion "1"]
[SourceVersionDate "2020.08.31"]
[SourceQuality "1"]

1. Nf3 e6 2. c4 Nf6 3. g3 d5 4. d4 c6 5. Bg2 Be7 6. 0-0 0-0 7. Qc2 Nbd7 8. Nbd2 b6 9. Rd1 Bb7 10. e4 Rc8 11. b3 Qc7 12. e5 Nh5 13. Nf1 g6 14. Ne3 Rfd8 15. Ng4 Rf8 16. Bh6 Rfe8 17. Qd2 c5 18. cxd5 Bxd5 19. Rac1 Qb7 20. Ne1 Bxg2 21. Nxg2 Ng7 22. dxc5 Red8 23. Bxg7 Kxg7 24. Qh6+ Kh8 25. cxb6 axb6 26. Rxc8 Qxc8 27. N2e3 Qc5 28. Rxd7 Qc1+ 29. Nf1 Qxh6 30. Rxd8+ 1-0

[Event "Vandoeuvre op-B 15th"]
[Site "Vandoeuvre"]
[Date "2019.01.05"]
[Round "8.8"]
[White "Battistella, Valentin"]
[Black "Bellahcene, Anissa"]
[Result "1-0"]
[WhiteElo "1882"]
[BlackElo "1819"]
[PlyCount "76"]
[EventDate "2019.01.02"]
[EventType "swiss"]
[EventRounds "9"]
[EventCountry "FRA"]
[SourceTitle "EXT 2020"]
[Source "ChessBase"]
[SourceDate "2019.10.17"]
[SourceVersion "1"]
[SourceVersionDate "2019.10.17"]
[SourceQuality "1"]

1. d4 d5 2. Bf4 c6 3. Nf3 e6 4. e3 f5 5. Nbd2 Nf6 6. Ne5 Nbd7 7. Be2 Be7 8. 0-0 0-0 9. c4 Ne4 10. f3 Nxd2 11. Qxd2 g5 12. Nxd7 Bxd7 13. Be5 Be8 14. e4 dxe4 15. fxe4 Bf6 16. Bxf6 Qxf6 17. d5 Rd8 18. Rad1 h6 19. Qa5 Rd7 20. Kh1 Qe5 21. Rde1 b6 22. Qa3 Qd6 23. Qh3 exd5 24. cxd5 cxd5 25. exf5 Re7 26. Qd3 Qe5 27. h3 Bf7 28. Bf3 Qxe1 29. Rxe1 Rxe1+ 30. Kh2 Re5 31. Bd1 Rd8 32. Bc2 Rd6 33. Qg3 Re2 34. Qxd6 Rxc2 35. Qb8+ Kg7 36. Qe5+ Kg8 37. Qf6 Rd2 38. Qxh6 d4 1-0

[Event "FRA-ch op-C"]
[Site "Pau"]
[Date "2012.08.22"]
[Round "8"]
[White "Battistella, Valentin"]
[Black "Verwee, Johann"]
[Result "1/2-1/2"]
[WhiteElo "1696"]
[BlackElo "1749"]
[PlyCount "102"]
[EventDate "2012.08.14"]
[EventType "swiss"]
[EventRounds "11"]
[EventCountry "FRA"]
[SourceTitle "EXT 2014"]
[Source "ChessBase"]
[SourceDate "2013.11.20"]
[SourceVersion "1"]
[SourceVersionDate "2013.11.20"]
[SourceQuality "1"]

1. e4 c5 2. Nc3 Nc6 3. f4 g6 4. Nf3 Bg7 5. Bc4 e6 6. d3 Nge7 7. 0-0 0-0 8. Bd2 d5 9. Bb3 Na5 10. a3 Nxb3 11. cxb3 dxe4 12. dxe4 b6 13. Qe2 Nc6 14. e5 Nd4 15. Nxd4 cxd4 16. Ne4 a5 17. Rf3 Bb7 18. Rh3 Bxe4 19. Qxe4 Qd5 20. Qxd5 exd5 21. Rd3 f6 22. Rxd4 fxe5 23. fxe5 Bxe5 24. Rxd5 Bxb2 25. Ra2 Bg7 26. Be1 Rae8 27. Bf2 Bh6 28. Rd3 Re6 29. Ra1 Re2 30. Bxb6 Rfe8 31. Bxa5 Be3+ 32. Kh1 Rf8 33. Rd8 Rxd8 34. Bxd8 Rb2 35. b4 Bd4 36. Rd1 Rb3 37. g3 Bc3 38. Be7 Rxa3 39. Rd3 Rb3 40. Kg2 Rb2+ 41. Kf3 Bxb4 42. Bxb4 Rxb4 43. g4 h6 44. Re3 Kf7 45. h3 Kf6 46. Kg3 g5 47. Kf3 Rf4+ 48. Kg3 Ra4 49. Kf3 Rf4+ 50. Kg3 Ra4 51. Kf3 Rf4+ 1/2-1/2